Voitures par pays - Statistiques

Statistiques générales
  • Ce quiz a été pris 2 314 fois
  • Le résultat moyen est 24 sur 30
Statistiques - réponses
marque pays % Correct
BMW Allemagne
99%
Toyota Japon
99%
Lamborghini Italie
97%
Ford Etats-Unis
96%
Porsche Allemagne
93%
Chevrolet Etats-Unis
93%
Fiat Italie
92%
Honda Japon
92%
Suzuki Japon
92%
Volkswagen Allemagne
91%
Tesla Etats-Unis
91%
Citroën France
91%
Ferrari Italie
91%
Peugeot France
90%
Alfa Romeo Italie
87%
Rolls-Royce Royaume-Uni
87%
Nissan Japon
86%
Aston Martin Royaume-Uni
85%
Hyundai Corée du Sud
84%
Chrysler Etats-Unis
79%
Mazda Japon
78%
Volvo Suède
76%
Seat Espagne
72%
Kia Corée du Sud
71%
Dacia Roumanie
58%
Lada Russie
55%
Škoda Tchèquie
53%
Tata Inde
41%
Geely Chine
34%
Holden Australie
25%
Aucun quiz correspondant
Distribution des résultats
% des personnes avec chaque résultat
Percentile par nombre de réponses
Votre historique - résultats
Vous n’avez pas pris ce quiz